000 00671nam a2200241Ia 4500
003 OSt
005 20221005121643.0
006 a|||||r|||| 00| 0
007 ta
008 221004b |||||||| |||| 00| 0 eng d
024 _a43935
037 _cTextual
040 _aCRL
_cCRL
_beng
041 _2eng
_aeng
082 _aO15:3:H00:1, F4 close sec
100 _aSarma Visnu
245 0 _aHitopadesa with Sanskrit tr by Jivananda-vidyasagara Bhattacarya
260 _c1924
650 _a ENGLISH LITERATURE
650 _aSANSKRIT LITERATURE
942 _hO15:3:H00:1, F4 close sec
_cTEXL
_2cc
999 _c1041832
_d1041832